Science Quiz

Random Science or Biology Quiz

Match 'Em Up Blitz - Science Quiz Stats

 Plays Quiz Updated Oct 1, 2018

Also try: Match 'Em Up Blitz
Challenge
Share
Tweet
Embed
Score 0/40 Timer 07:00
1 Play Today
% Correct
ELEMENT
99.8%
ELEMENTS
99.8%
SYMBOL
99.7%
ANIMAL
84.4%
ANIMALS
84.1%
FOOD
84%
ELEMENTS COMPLETE
83.9%
ANIMALS UNLOCKED
83.8%
BONES
83.4%
ANIMALS COMPLETE
83.1%
CLOSEST BONE
83%
BONES UNLOCKED
83%
BONE (HUMAN)
83%
PLANET
81.5%
MOON
81.4%
SOLAR SYSTEM
81.2%
BONES COMPLETE
81%
SOLAR SYSTEM UNLOCKED
81%
'OLOGY'
79.1%
'OLOGIES'
79.1%
% Correct
STUDY OF...
79.1%
SOLAR SYSTEM COMPLETE
79%
'OLOGIES' UNLOCKED
78.9%
CHEMISTRY
75.8%
COMPOUND
74.9%
FORMULA
74.8%
'OLOGIES' COMPLETE
74.7%
CHEMISTRY UNLOCKED
74.7%
THINKERS
64.8%
PERSON
64.8%
ACCOMPLISHMENT
64.7%
CHEMISTRY COMPLETE
64.7%
THINKERS UNLOCKED
64.6%
ORGAN
44.6%
ORGANS
44.2%
FUNCTION
44%
THINKERS COMPLETE
43.8%
ORGANS UNLOCKED
43.7%
ORGANS COMPLETE
28.2%
WELL DONE
28%

You're not logged in!

Compare scores with friends on all Sporcle quizzes.
OR
Log In

You Might Also Like...

Show Comments

Extras

Top Quizzes Today


Score Distribution

Your Account Isn't Verified!

In order to create a playlist on Sporcle, you need to verify the email address you used during registration. Go to your Sporcle Settings to finish the process.

Report this User

Report this user for behavior that violates our Community Guidelines.

Details: